Constitution and administrative law : Textbook Series
Elizabeth Giussani provides a clear and accessible examination of the key areas of constitutional and administrative law and human rights, essential for those studying law
Enregistré dans:
| Auteur principal: | |
|---|---|
| Format: | Livre |
| Publié: |
London ;
Sweet and Maxwell
c2008.
|
| Édition: | 1st ed. |
| Sujets: | |
| Tags: |
Ajouter un tag
Pas de tags, Soyez le premier à ajouter un tag!
|
MARC
| LEADER | 00000nam a22000007a 4500 | ||
|---|---|---|---|
| 005 | 20260423120009.0 | ||
| 020 | |a 9781847032195 |c TZS 66,079.65 | ||
| 040 | |a MCCL |b eng. |e AACR 2nd rev. ed. | ||
| 082 | |a 342.06 GIU | ||
| 100 | |a Giussani, Elizabeth | ||
| 245 | |a Constitution and administrative law : |b Textbook Series |c Ellizabeth Giussani | ||
| 250 | |a 1st ed. | ||
| 260 | |a London ; |b Sweet and Maxwell |c c2008. | ||
| 300 | |a xlix, 481 p. : |b ill. ; |c 24 cm. | ||
| 504 | |a Includes Index | ||
| 520 | |a Elizabeth Giussani provides a clear and accessible examination of the key areas of constitutional and administrative law and human rights, essential for those studying law | ||
| 546 | |a eng. | ||
| 650 | |a Constitution and administrative law | ||
| 942 | |c BK | ||
| 999 | |c 12732 |d 12732 | ||